<?xml version="1.0" encoding="UTF-8"?>
<record
    xmlns:xsi="http://www.w3.org/2001/XMLSchema-instance"
    xsi:schemaLocation="http://www.loc.gov/MARC21/slim http://www.loc.gov/standards/marcxml/schema/MARC21slim.xsd"
    xmlns="http://www.loc.gov/MARC21/slim">

  <leader>02227nam a22003137a 4500</leader>
  <controlfield tag="005">20260427123521.0</controlfield>
  <controlfield tag="007">cr |||aaa|||||</controlfield>
  <controlfield tag="008">260427s2008    mx| |||| |||| 000 0 spa d</controlfield>
  <datafield tag="020" ind1=" " ind2=" ">
    <subfield code="a">9789689172345</subfield>
  </datafield>
  <datafield tag="040" ind1=" " ind2=" ">
    <subfield code="a">MX-MxUPN</subfield>
    <subfield code="b">spa</subfield>
    <subfield code="e">aacr2</subfield>
  </datafield>
  <datafield tag="041" ind1="0" ind2=" ">
    <subfield code="a">spa</subfield>
  </datafield>
  <datafield tag="050" ind1=" " ind2="4">
    <subfield code="a">LB2806.23 R44</subfield>
  </datafield>
  <datafield tag="245" ind1="0" ind2="0">
    <subfield code="a">Reformas educativas : </subfield>
    <subfield code="b">su impacto en la innovaci&#xF3;n curricular y la formaci&#xF3;n docente</subfield>
    <subfield code="h">[recurso electr&#xF3;nico en l&#xED;nea]</subfield>
  </datafield>
  <datafield tag="250" ind1=" " ind2=" ">
    <subfield code="a">Primera edici&#xF3;n</subfield>
  </datafield>
  <datafield tag="260" ind1=" " ind2=" ">
    <subfield code="a">M&#xE9;xico, D.F. : </subfield>
    <subfield code="b">Casa Juan Pablos </subfield>
  </datafield>
  <datafield tag="260" ind1=" " ind2=" ">
    <subfield code="a">Cuernavaca, Morelos : </subfield>
    <subfield code="b">Universidad Aut&#xF3;noma del Estado de Morelos</subfield>
  </datafield>
  <datafield tag="260" ind1=" " ind2=" ">
    <subfield code="a">M&#xE9;xico, D.F. : </subfield>
    <subfield code="b">Asociaci&#xF3;n Nacional de Universidades e Instituciones de Educaci&#xF3;n Superior, </subfield>
    <subfield code="c">2008</subfield>
  </datafield>
  <datafield tag="300" ind1=" " ind2=" ">
    <subfield code="a">1 recurso en l&#xED;nea (107 p&#xE1;ginas) : </subfield>
    <subfield code="b">PDF</subfield>
  </datafield>
  <datafield tag="490" ind1="0" ind2=" ">
    <subfield code="a">Educaci&#xF3;n </subfield>
  </datafield>
  <datafield tag="505" ind1="0" ind2=" ">
    <subfield code="t">Temas de debate en la innovaci&#xF3;n educativa /</subfield>
    <subfield code="r">&#xC1;ngel D&#xED;az Barriga. -- </subfield>
    <subfield code="t">Innovaci&#xF3;n curricular y formaci&#xF3;n docente : la visi&#xF3;n de la ANUIES /</subfield>
    <subfield code="r">Lourdes Medina Cuevas. --</subfield>
    <subfield code="t">Temas transversales: retos para su incorporaci&#xF3;n al curr&#xED;culo /</subfield>
    <subfield code="r">Ofelia &#xC1;ngeles Guti&#xE9;rrez. --</subfield>
    <subfield code="t">Innovaciones curriculares: retos para los actores del cambio /</subfield>
    <subfield code="r">Elisa Lugo Villase&#xF1;or. --</subfield>
    <subfield code="t">Los retos de la autoformaci&#xF3;n en la universidad /</subfield>
    <subfield code="r">Mar&#xED;a Teresa Yur&#xE9;n Camarena, Citlali Romero Villag&#xF3;mez. --</subfield>
    <subfield code="t">La tutor&#xED;a, &#xBF;una nueva tarea docente? /</subfield>
    <subfield code="r">Alejandra Romo L&#xF3;pez. --</subfield>
    <subfield code="t">La Universidad del Conocimiento: los desaf&#xED;os de una docencia innovadora /</subfield>
    <subfield code="r">Alma Herrera M&#xE1;rquez, Lourdes Medina Cueva. --</subfield>
    <subfield code="t">Dise&#xF1;o de unidades did&#xE1;cticas y portafolios electr&#xF3;nicos: una experiencia de formaci&#xF3;n psicopedag&#xF3;gica con profesores de ciencias /</subfield>
    <subfield code="r">Frida D&#xED;az Barriga Arceo, Rosa Aurora Padilla Maga&#xF1;a, Silvia Valdez Arag&#xF3;n, Cristina Rueda Alvarado, Jos&#xE9; Antonio Ibarra. --</subfield>
    <subfield code="t">Propuesta alternativa de innovaci&#xF3;n pedag&#xF3;gica-tecnol&#xF3;gica /</subfield>
    <subfield code="r">&#xC1;ngel Torres Velandia, Elisa Lugo Villase&#xF1;or.</subfield>
  </datafield>
  <datafield tag="506" ind1="0" ind2=" ">
    <subfield code="a">Acceso abierto </subfield>
  </datafield>
  <datafield tag="650" ind1=" " ind2="4">
    <subfield code="a">Reforma educativa </subfield>
    <subfield code="z">M&#xE9;xico</subfield>
    <subfield code="9">4075</subfield>
  </datafield>
  <datafield tag="650" ind1=" " ind2="2">
    <subfield code="a">Desarrollo curricular</subfield>
    <subfield code="9">405</subfield>
  </datafield>
  <datafield tag="650" ind1=" " ind2="4">
    <subfield code="a">Formaci&#xF3;n docente</subfield>
    <subfield code="9">55770</subfield>
  </datafield>
  <datafield tag="700" ind1="1" ind2=" ">
    <subfield code="a">Lugo Villase&#xF1;or, Elisa</subfield>
    <subfield code="9">59379</subfield>
    <subfield code="e">coordinaci&#xF3;n </subfield>
  </datafield>
  <datafield tag="856" ind1="4" ind2="0">
    <subfield code="u">http://riaa.uaem.mx/handle/20.500.12055/165</subfield>
  </datafield>
  <datafield tag="902" ind1=" " ind2=" ">
    <subfield code="a">V&#xED;ctorGod&#xED;nez/270426</subfield>
  </datafield>
  <datafield tag="942" ind1=" " ind2=" ">
    <subfield code="2">lcc</subfield>
    <subfield code="c">LIBRO-E</subfield>
  </datafield>
  <datafield tag="952" ind1=" " ind2=" ">
    <subfield code="0">0</subfield>
    <subfield code="1">0</subfield>
    <subfield code="2">lcc</subfield>
    <subfield code="4">0</subfield>
    <subfield code="7">0</subfield>
    <subfield code="8">CAA</subfield>
    <subfield code="a">BCUPN50</subfield>
    <subfield code="b">BCUPN50</subfield>
    <subfield code="c">ENL</subfield>
    <subfield code="d">2026-04-27</subfield>
    <subfield code="l">0</subfield>
    <subfield code="o">LB2806.23 R44</subfield>
    <subfield code="r">2026-04-27 12:36:01</subfield>
    <subfield code="u">http://riaa.uaem.mx/handle/20.500.12055/165</subfield>
    <subfield code="w">2026-04-27</subfield>
    <subfield code="y">LIBRO-E</subfield>
  </datafield>
  <datafield tag="999" ind1=" " ind2=" ">
    <subfield code="c">215003</subfield>
    <subfield code="d">215003</subfield>
  </datafield>
</record>
